Introducción a la ingeniería química

Bibliographic Details
Main Authors: Littlejohn, Charles E., Meenaghan, George F.
Format: Section = Libro
Language:Undetermined
Spanish
Published: México Continental 1981
Subjects:
LEADER 00477nam a2200181Ia 4500
008 240830s9999 xx 000 0 und d
040 |a CEDOC FIQ-RUSB / 540 L779 
041 |a spa 
082 |a 540 L779 
100 1 |a Littlejohn, Charles E. 
100 1 |b  Meenaghan, George F. 
245 1 0 |a Introducción a la ingeniería química 
260 |a México  |b Continental  |c 1981 
300 |a 324 p. : il 
650 7 |a INGENIERIA QUIMICA 
942 |c BK  |2 ddc 
991 |a TEXTO 
999 |c 13496